000 00518nam a22001811a 4500
001 10310
003 OSt
005 20260204212154.0
008 081027s1983||||dr ||||||b||||||||||spa||
050 _aRD 070.4 S16p
100 _aSáez, José Luis
245 _aLa prensa de celuloide: lecciones de periodismo cinematográfico / José Luis Sáez
264 _aSanto Domingo : UASD
300 _a328 p
490 _aColección de Sociedad, No. 11
650 _aPeriodismo - República DominicanaÌ
942 _2ddc
_cBK
999 _c10310
_d10310